Normal view MARC view
  • López Herrerías, José Ángel

Entry Nombre Personal

Number of records used in: 8

001 - NUMERO DE CONTROL

  • campo de control: 29067

003 - IDENTIFICADOR DE NUMERO DE CONTROL

  • campo de control: DLC

005 - FECHA Y HORA DE LA ÜLTIMA TRANSACCIÓN

  • campo de control: 20230208120457.0

008 - DATOS DE LONGITUD FIJA

  • campo de control de longitud fija: 950315n| acannaabn || aaa

010 ## - NÚMERO DE CONTROL DE LA BIBLIOTECA DEL CONGRESO

  • Número de control LC: n 95025296

035 ## - NUMERO DE CONTROL

  • Número de control: (OCoLC)oca03794221

040 ## - FUENTE DE CATALOGACIÓN

  • Agencia original de catalogación: DLC
  • Lenguaje de catalogación: spa
  • Agencia de transcripción: DLC
  • Agencia que lo modifica: OCoLC
  • Agencia que lo modifica: DLC
  • Agencia que lo modifica: MX-MxUPN

100 1# - ENCABEZAMIENTO - NOMBRE PERSONAL

  • Nombre personal: López Herrerías, José Ángel

670 ## - FUENTE EN LA QUE SE LOCALIZARON DATOS

  • Cita de la fuente: A trastenda pedagóxica do exito escolar, 1991:
  • Información localizada: portada (José Ángel López Herrerías)

670 ## - FUENTE EN LA QUE SE LOCALIZARON DATOS

  • Cita de la fuente: LC database, Feb. 25, 2010:
  • Información localizada: (hdg.: López Herrerías, José Angel, 1942-)

670 ## - FUENTE EN LA QUE SE LOCALIZARON DATOS

  • Cita de la fuente: Tratado de pedagogía general, 1996:
  • Información localizada: portada (José Ángel López Herrerías)

902 ## - CATALOGADOR

  • Catalogador: Víctor Ruiz/080223